La investigación de la paternidad (Record no. 122720)

MARC details
000 -LEADER
campo de control de longitud fija 00457nam a2200145 4500
001 - NÚMERO DE CONTROL
campo de control 122720
003 - IDENTIFICADOR DE NÚMERO DE CONTROL
campo de control ES-MaACL
005 - FECHA Y HORA DE LA ÚLTIMA TRANSACCIÓN
campo de control 20230906192030.0
007 - CAMPO FIJO DE DESCRIPCIÓN FÍSICA--INFORMACIÓN GENERAL
campo de control de longitud fija t|
008 - DATOS DE LONGITUD FIJA--INFORMACIÓN GENERAL
campo de control de longitud fija 070214s1915 sp r ||||1| spa d
100 1# - ENTRADA PRINCIPAL--NOMBRE DE PERSONA
Nombre de persona Puig-Mir y Bonin, Rodrigo.
9 (RLIN) 94271
245 13 - MENCIÓN DEL TÍTULO
Título La investigación de la paternidad
Resto del título : tesis doctoral /
Mención de responsabilidad, etc. Rodrigo Puig-Mir y Bonin.
260 ## - PUBLICACIÓN, DISTRIBUCIÓN, ETC.
Lugar de publicación, distribución, etc. Barcelona :
Nombre del editor, distribuidor, etc. [s.n.],
Fecha de publicación, distribución, etc. 1915 (
Fabricante Imp. Editorial Barcelonesa)
852 ## - LOCALIZACIÓN
Ubicación ES-MaACL
Número de control de estantería T-1474-F-6
Holdings
Estatus retirado Estado de pérdida Estado de daño No para préstamo Colección Biblioteca de origen Biblioteca actual Ubicación en estantería Fecha de adquisición Fuente de adquisición Total de préstamos Signatura topográfica completa Código de barras Visto por última vez Precio de reemplazo Tipo de ítem Koha
        Colección de folletos Biblioteca del Ateneo de Madrid Biblioteca del Ateneo de Madrid Depósito folletos 17/01/2008     T-1474-F-6 1127876 23/02/2023 23/02/2023 Folleto